00434nam a2200145Ia 4500003000900000008004100009040003300050041000800083080001500091100002800106245004900134246002800183260006200211300001500273LK-CoDNM010623t1978 xxu||||| |||| 00| 1 sin d aLK-CoDNMdLK-CoDNMeLK-CoDNM asin ax930.26MED aMedananda himi,Ellawala aපියංගල වන සෙනසුන aPiyangala Wana Senasuna bSabaragamuwa Itihasa Puravidya Paryesana Ayathanayac1978 b15p, 21 cm